Structure of Household Expenditures in Slovakia and Relations Between its Categories

Príjem domácnosti ako jeden zo základných ukazovateľov životnej úrovne obyvateľstva v krajinách alebo regiónoch. Analýza štruktúry peňažných výdavkov rozdelených podľa určitej klasifikácie do dvanástich kategórií. Skúmananie dlhodobo vyváženého vzťahu medzi kategóriami prostredníctvom korelačnej mat...

Description complète

Enregistré dans:
Détails bibliographiques
Auteur principal: Laziková, Zuzana
Format: Chapitre de livre
Langue:anglais
Sujets:
Tags: Ajouter un tag
Pas de tags, Soyez le premier à ajouter un tag!

MARC

LEADER 00000naa a2200000 4500
001 0257645
005 20211217133207.4
041 0 |a eng 
044 |a SK 
245 1 0 |a Structure of Household Expenditures in Slovakia and Relations Between its Categories  |c Zuzana Laziková 
520 |a Príjem domácnosti ako jeden zo základných ukazovateľov životnej úrovne obyvateľstva v krajinách alebo regiónoch. Analýza štruktúry peňažných výdavkov rozdelených podľa určitej klasifikácie do dvanástich kategórií. Skúmananie dlhodobo vyváženého vzťahu medzi kategóriami prostredníctvom korelačnej matice a kointegračných testov. 
610 2 0 |a výdavky 
610 2 0 |a domácnosti 
610 2 0 |a výdavky obyvateľstva 
610 2 0 |a výdavky domácností 
610 2 0 |a príjmy obyvateľstva 
610 2 0 |a financie 
100 1 |a Laziková, Zuzana